Hoá học hữu cơ

Trình bày theo hệ thống: đồng phân và danh pháp, các phương pháp điều chế, tính chất vật lí, tính chất hoá học, ứng dụng một số hợp chất hữu cơ như: Halogen, Ancol, Phenol, ete,...

সংরক্ষণ করুন:
গ্রন্থ-পঞ্জীর বিবরন
প্রধান লেখক: Đỗ, Đình Rãng
বিন্যাস: গ্রন্থ
ভাষা:Undetermined
প্রকাশিত: Hà Nội Giáo dục 2006
বিষয়গুলি:
ট্যাগগুলো: ট্যাগ যুক্ত করুন
কোনো ট্যাগ নেই, প্রথমজন হিসাবে ট্যাগ করুন!
Thư viện lưu trữ: Trung tâm Học liệu Trường Đại học Cần Thơ
LEADER 00870nam a2200205Ia 4500
001 CTU_124902
008 210402s9999 xx 000 0 und d
020 |c 38800 
082 |a 547 
082 |b R106/T.3 
100 |a Đỗ, Đình Rãng 
245 0 |a Hoá học hữu cơ 
245 0 |c Đỗ Đình Rãng ( Chủ biên ), Đặng Đình Bạch, Nguyễn Thị Thanh Phong 
260 |a Hà Nội 
260 |b Giáo dục 
260 |c 2006 
520 |a Trình bày theo hệ thống: đồng phân và danh pháp, các phương pháp điều chế, tính chất vật lí, tính chất hoá học, ứng dụng một số hợp chất hữu cơ như: Halogen, Ancol, Phenol, ete,... 
650 |a Chemistry, organic 
904 |i Giang 
980 |a Trung tâm Học liệu Trường Đại học Cần Thơ